Statistics for Largest Cities Containing 'M'

Click here to take the quiz!

General Stats

  • This quiz has been taken 117 times
  • The average score is 16 of 20

Answer Stats

PopulationCountryCity% Correct
23,300,000PhilippinesManila
100%
22,100,000MexicoMexico City
99%
16,900,000RussiaMoscow
99%
6,250,000SpainMadrid
99%
23,200,000IndiaMumbai
98%
5,150,000ItalyMilan
97%
9,950,000PeruLima
96%
4,400,000AustraliaMelbourne
96%
4,100,000CanadaMontreal
93%
8,250,000VietnamHo Chi Minh City
87%
7,000,000MalaysiaKuala Lumpur
87%
6,100,000United StatesMiami
84%
4,675,000Sri LankaColombo
83%
5,550,000SudanKhartoum
82%
5,300,000TanzaniaDar es Salaam
75%
4,650,000MexicoMonterrey
60%
7,450,000IndiaAhmedabad
54%
4,025,000United StatesTampa
38%
10,000,000ChinaXiamen
33%
3,950,000ChinaKunming
23%

Score Distribution

Percentile by Number Answered

Percent of People with Each Score

Your Score History

You have not taken this quiz